000 00267nam a22001217a 4500
008 180206b xxu||||| |||| 00| 0 eng d
041 _aeng338
080 _a338
100 _a53
101 _aman
245 _aURWICK ORR ON MANAGEMENT
_cFRED.S.S
942 _2udc
_cBK
999 _c41931
_d41931